| 000 | 01307nam a22003375i 4500 | ||
|---|---|---|---|
| 001 | 162324 | ||
| 003 | ES-MaACL | ||
| 005 | 20250725063230.0 | ||
| 008 | 041111s1803 fr ac |||| | fre d | ||
| 040 |
_aCAM _bspa _cCAM |
||
| 080 | _a929(37) | ||
| 080 | _a929(38) | ||
| 100 | 0 |
_aPlutarco _eaut _992678 |
|
| 245 | 1 | 4 |
_aLes vies des hommes illustres. _nTome septième / _cde Plutarque ; traduites en françois, avec des remarques historiques et critiques, par M. Dacier. |
| 250 | _aNouv. éd., rev. et corr. | ||
| 260 |
_aA Lyon : _bchez Amable Leroy, _c1803. |
||
| 300 |
_a[4], 408 páginas, [2] hojas de láminas ; _c17 cm |
||
| 505 | 0 | _aCimon; Lucullus; Nicias; Marcus Crassus | |
| 597 | _aSign.: []2, A-R-12. | ||
| 597 | _aAntep. | ||
| 599 | _aLáminas de grab. xil.: retratos de Cimón y de Craso | ||
| 600 | 0 | 7 |
_aCimón de Atenas, _c510-450 a.C. _2embne _9126498 |
| 600 | 1 | 4 |
_aLúculo, Lucio Licinio _9129262 |
| 600 | 0 | 7 |
_aNicias, _dca. 470-413 a.C. _2embne _9130465 |
| 600 | 1 | 4 |
_aCraso, Marco Licinio _9126636 |
| 700 | 1 |
_aDacier, André, _d1651-1722 _etrl _9126689 |
|
| 852 |
_aES-MaACL _cDEPO2 _fEx-libris ms. de Juan Antonio Posse, cura de San Andrés _jZ-259 _xPasta española |
||
| 942 |
_2udc _cMONANT _n0 |
||
| 999 |
_c162324 _d162324 |
||